Statistics for Chile Football Team World Cup Starting XI

Click here to take the quiz!

General Stats

  • This quiz has been taken 374 times
  • The average score is 15 of 78

Answer Stats

Player% Correct
Alexis Sánchez
97%
Arturo Vidal
93%
Leonel Sánchez
93%
Raúl Sánchez
91%
Claudio Bravo
86%
Gary Medel
76%
Eduardo Vargas
64%
Mauricio Isla
60%
Charles Aránguiz
58%
Jean Beausejour
52%
Iván Zamorano
43%
Gonzalo Jara
40%
Marcelo Salas
40%
Marcelo Díaz
36%
Guillermo Díaz
34%
Mark González
30%
Humberto Suazo
27%
Eladio Rojas
26%
Elías Figueroa
26%
Eugenio Mena
26%
Francisco Rojas
26%
Francisco Silva
24%
Carlos Caszely
20%
Carlos Caszely
20%
Waldo Ponce
17%
José Luis Sierra
15%
Carlos Carmona
13%
Nelson Tapia
13%
Jaime Ramírez
10%
Pedro Reyes
10%
Rolando García
10%
Sergio Livingstone
10%
Clarence Acuña
9%
Francisco Valdés
9%
Javier Margas
9%
Manuel Álvarez Jiménez
9%
Carlos Contreras
7%
Eduardo Bonvallet
7%
Jorge Toro
7%
Pedro Araya Toro
7%
Ronald Fuentes
7%
Antonio Arias
6%
Humberto Cruz
6%
Luis Eyzaguirre
6%
Manuel Muñoz
6%
Mario Osbén
6%
Moisés Villarroel
6%
Patricio Yáñez
6%
Alberto Quintano
5%
Honorino Landa
5%
Miguel Ángel Neira
5%
Nelson Parraguez
5%
Rubén Marcos
5%
Carlos Reinoso
4%
Lizardo Garrido
4%
Sergio Navarro
4%
Andrés Prieto
3%
George Robledo
3%
Guillermo Páez
3%
Gustavo Moscoso
3%
Hugo Villanueva
3%
Ignacio Prieto
3%
Leonardo Véliz
3%
Leopoldo Vallejos
3%
Misael Escuti
3%
René Valenzuela
3%
Rodolfo Dubó
3%
Sergio Ahumada
3%
Vladimir Bigorra
3%
Alberto Fouilloux
2%
Aldo Valentini
2%
Armando Tobar
2%
Arturo Farías
2%
Atilio Cremaschi
2%
Fernando Roldán
2%
Hernán Carvallo
2%
Juan Olivares
2%
Miguel Busquets
2%

Score Distribution

Percentile by Number Answered

Percent of People with Each Score

Your Score History

You have not taken this quiz